[Event "SWE AM2001"]
[White "Heikkinen, Mikael"]
[Black "Marklinder, Allan"]
[Site "Sweden"]
[Round "12"]
[Result "1-0"]
[Date "2001.??.??"]
[WhiteElo "1486"]
[BlackElo "1694"]
[PlyCount "97"]
[EventDate "2001.??.??"]
[EventType "tourn"]
[EventRounds "15"]
[EventCountry "SWE"]
[SourceTitle "EXT 2003"]
[Source "ChessBase"]
[SourceDate "2002.11.25"]
[SourceVersion "1"]
[SourceVersionDate "2002.11.25"]
[SourceQuality "1"]

1. e4 e6 2. c4 c5 3. d3 Nc6 4. Be3 Be7 5. Nf3 Bf6 6. Qb3 Qc7 7. Nbd2 Nd4 8. Bxd4 cxd4 9. Be2 Ne7 10. Qa3 0-0 11. e5 Nf5 12. exf6 gxf6 13. Ne4 Kg7 14. 0-0 b6 15. Rac1 Bb7 16. c5 Qf4 17. Nd6 Nxd6 18. cxd6 Qg4 19. Rc7 Bc6 20. Rxa7 Kh8 21. Rxa8 Rxa8 22. Qb4 Rg8 23. g3 Bxf3 24. Bxf3 Qxf3 25. Qxd4 Rc8 26. Qxb6 Qd5 27. a4 Rc6 28. Qd8+ Kg7 29. Qxd7 Rxd6 30. Qc7 Qxd3 31. Rc1 Rd5 32. Qc3 Qa6 33. Ra1 Rd3 34. Qc2 e5 35. b4 e4 36. Rd1 Qd6 37. Re1 f5 38. b5 Qd5 39. Re3 Rd2 40. Qc3+ Rd4 41. a5 Kg6 42. b6 Rd1+ 43. Kg2 Rd3 44. Rxd3 exd3+ 45. f3 d2 46. b7 d1Q 47. b8Q Qf1+ 48. Kxf1 Qd1+ 49. Kg2 1-0

[Event "SWE AM2001"]
[White "Marklinder, Allan"]
[Black "Bjorklund, Thomas"]
[Site "Sweden"]
[Round "10"]
[Result "1-0"]
[Date "2001.??.??"]
[WhiteElo "1706"]
[BlackElo "1816"]
[PlyCount "97"]
[EventDate "2001.??.??"]
[EventType "tourn"]
[EventRounds "15"]
[EventCountry "SWE"]
[SourceTitle "EXT 2003"]
[Source "ChessBase"]
[SourceDate "2002.11.25"]
[SourceVersion "1"]
[SourceVersionDate "2002.11.25"]
[SourceQuality "1"]

1. f4 d5 2. b3 c5 3. Bb2 e6 4. Nf3 Nf6 5. e3 Nc6 6. Bb5 Bd7 7. Bxc6 Bxc6 8. 0-0 Be7 9. Ne5 Rc8 10. d3 b5 11. Nxc6 Rxc6 12. Qf3 Qb6 13. Nd2 c4 14. Bd4 Qc7 15. dxc4 bxc4 16. bxc4 0-0 17. c3 dxc4 18. Ne4 Nxe4 19. Qxe4 Bc5 20. Rab1 Bxd4 21. exd4 Rb6 22. Rxb6 axb6 23. f5 exf5 24. Rxf5 Qa7 25. Rf2 Qa3 26. Rc2 b5 27. Qe2 h6 28. Qd2 Rd8 29. Rb2 Rd5 30. Rb4 g6 31. Qb2 Qa6 32. a3 Qe6 33. Qc1 Rf5 34. Rb2 Qe7 35. Rf2 Rd5 36. Qd2 Qxa3 37. g4 Rd8 38. Qf4 Rf8 39. Rf3 b4 40. Qxh6 b3 41. Rh3 Qa1+ 42. Kg2 Qb2+ 43. Kg1 Qb1+ 44. Kg2 Qc2+ 45. Kg1 Qd1+ 46. Kf2 Qc2+ 47. Kg1 Qb1+ 48. Kg2 Qa2+ 49. Kg3 1-0

[Event "SWE AM2001"]
[White "Marklinder, Allan"]
[Black "Friborg, Johan"]
[Site "Sweden"]
[Round "8"]
[Result "1/2-1/2"]
[Date "2001.??.??"]
[WhiteElo "2500"]
[BlackElo "2500"]
[PlyCount "70"]
[EventDate "2001.??.??"]
[EventType "tourn"]
[EventRounds "15"]
[EventCountry "SWE"]
[SourceTitle "EXT 2003"]
[Source "ChessBase"]
[SourceDate "2002.11.25"]
[SourceVersion "1"]
[SourceVersionDate "2002.11.25"]
[SourceQuality "1"]

1. f4 d5 2. b3 Nf6 3. Nf3 b6 4. Bb2 e6 5. e3 Be7 6. Be2 Bb7 7. 0-0 0-0 8. Ne5 Ne4 9. d3 Nd6 10. Bg4 f5 11. Be2 Nf7 12. Nf3 Bf6 13. d4 Nd7 14. Nbd2 Rc8 15. Ba3 Be7 16. Bxe7 Qxe7 17. a3 Nf6 18. h3 c6 19. Qe1 Nd6 20. Qh4 Qe8 21. Bd3 Nde4 22. Bxe4 dxe4 23. Ne5 Nd7 24. Ndc4 Nxe5 25. Nxe5 Qd8 26. Qf2 Qe7 27. c4 Rfd8 28. b4 a6 29. c5 b5 30. g4 g6 31. Qg2 Kg7 32. g5 Rh8 33. Kh2 Rcf8 34. Qg3 h5 35. h4 Ra8 1/2-1/2

[Event "SWE AM2001"]
[White "Prica, Nicola"]
[Black "Marklinder, Allan"]
[Site "Sweden"]
[Round "11"]
[Result "0-1"]
[Date "2001.??.??"]
[WhiteElo "1300"]
[BlackElo "1706"]
[PlyCount "90"]
[EventDate "2001.??.??"]
[EventType "tourn"]
[EventRounds "15"]
[EventCountry "SWE"]
[SourceTitle "EXT 2003"]
[Source "ChessBase"]
[SourceDate "2002.11.25"]
[SourceVersion "1"]
[SourceVersionDate "2002.11.25"]
[SourceQuality "1"]

1. b3 d5 2. a3 e5 3. h3 Nf6 4. Bb2 Nc6 5. e3 a6 6. Nf3 Bd6 7. c4 0-0 8. cxd5 Nxd5 9. Bc4 Nf6 10. Nc3 b5 11. Bd5 Nxd5 12. Nxd5 e4 13. Nd4 Ne5 14. Ne2 Nd3+ 15. Kf1 Nxb2 16. Qc2 Nd3 17. Qc6 Rb8 18. Ndf4 Bb7 19. Qc2 Nxf4 20. exf4 Qf6 21. Qc3 Qxc3 22. Nxc3 Bxf4 23. Ne2 Bxd2 24. Rd1 Rbd8 25. b4 Bg5 26. Nc3 Bf6 27. Rxd8 Rxd8 28. Ke2 Bxc3 29. Rc1 Be5 30. g3 Bd5 31. Rc5 c6 32. Kf1 f5 33. Kg1 f4 34. Kh2 fxg3+ 35. fxg3 Rf8 36. h4 Rf3 37. Kh3 h5 38. Kg2 Rxg3+ 39. Kf1 Rxa3 40. Ke2 Rb3 41. Rc2 Rxb4 42. Ke3 a5 43. Rg2 Rb3+ 44. Kf2 e3+ 45. Kg1 Rb1# 0-1

[Event "SWE AM2001"]
[White "Westin, Bertil"]
[Black "Marklinder, Allan"]
[Site "Sweden"]
[Round "5"]
[Result "1-0"]
[Date "2001.??.??"]
[WhiteElo "1982"]
[BlackElo "1706"]
[PlyCount "47"]
[EventDate "2001.??.??"]
[EventType "tourn"]
[EventRounds "15"]
[EventCountry "SWE"]
[SourceTitle "EXT 2003"]
[Source "ChessBase"]
[SourceDate "2002.11.25"]
[SourceVersion "1"]
[SourceVersionDate "2002.11.25"]
[SourceQuality "1"]

1. e4 e6 2. d4 d5 3. Nd2 Nf6 4. e5 Nfd7 5. f4 c5 6. c3 cxd4 7. cxd4 b6 8. Qa4 a5 9. Bd3 Ba6 10. Bb1 Qh4+ 11. g3 Qh5 12. Ngf3 Bb4 13. Kf2 Bxd2 14. Bxd2 0-0 15. h3 f5 16. Qa3 Rc8 17. Qe7 Nf8 18. g4 fxg4 19. Ng5 Qh4+ 20. Kg2 gxh3+ 21. Rxh3 Qg4+ 22. Kh2 h5 23. Qf7+ Kh8 24. Rxh5+ 1-0